000 00694nam a22002057a 4500
008 160104b xxu||||| |||| 00| 0 eng d
020 _a978-1-259-25227-3
082 _22015
_aDC 540
_bSm5g
100 _91359
_aSmith, Janice Gorzynski Smith
245 _aPrinciples of general, organic, & biological chemistry/
_cJanice Gorzynski Smith
250 _aSecond edition
260 _aNew York;
_bMcGraw-Hill Education,
_cc2015.
300 _axxii, 648 pages:
_bIllustrations (colored);
_c27 cm.
500 _aIncludes appendices and index.
650 0 _91360
_aChemistry
650 0 _91361
_aOrganic chemistry
650 0 _91362
_aBiological chemistry
365 _a3,440.00
_bPHP.
942 _2ddc
_cDC
999 _c519
_d519